Movies Quiz

Random Movies or Actress Quiz

What Movie? Actors' Movies by Partner Quiz Stats

 Plays Quiz Updated Apr 7, 2018

Score 0/45 Timer 10:00
0 Plays Today
Hint Answer % Correct
Brad PittMr. & Mrs. Smith
93%
Matt DamonGood Will Hunting
69.1%
Steve CarellDate Night
67.9%
Leonardo DiCaprioThe Wolf of Wall Street
67.5%
Ryan GoslingThe Notebook
66.1%
Leonardo DiCaprioRomeo + Juliet
64%
Tom HanksSplash
62.7%
Jim CarreyBruce Almighty
61.6%
Jim CarreyEternal Sunshine of the Spotless Mind
61.3%
Brad PittSe7en
58.2%
Ben AffleckGone Girl
57.7%
Tom HanksCast Away
55.6%
Matt DamonThe Bourne Supremacy
54.6%
Leonardo DiCaprioInception
53.4%
Tom HanksForrest Gump
52.5%
Leonardo DiCaprioThe Aviator
50%
Steve CarellCrazy, Stupid, Love.
46.4%
Nicolas CageNational Treasure: Book of Secrets
43.7%
Ryan GoslingLars and the Real Girl
43.1%
Brad PittThe Mexican
42.1%
Nicolas CageRaising Arizona
40.8%
Nicolas CageMoonstruck
39.2%
Jim CarreyYes Man
36.5%
Hint Answer % Correct
Leonardo DiCaprioCatch Me If You Can
36.3%
Jim CarreyThe Truman Show
36.3%
Matt DamonThe Departed
36%
Ben AffleckPearl Harbor
35.6%
Ryan GoslingBlue Valentine
33.5%
Ben AffleckChasing Amy
32.3%
Matt DamonThe Adjustment Bureau
29.8%
Jim CarreyMan on the Moon
27.4%
Brad PittKalifornia
26.8%
Nicolas CageThe Family Man
26.3%
Ben AffleckThe Town
23.2%
Ryan GoslingThe Place Beyond the Pines
22.9%
Brad PittThe Tree of Life
19.1%
Tom HanksExtremely Loud & Incredibly Close
17.9%
Steve CarellAnchorman 2: The Legend Continues
17.3%
Steve CarellSeeking a Friend for the End of the World
17.2%
Nicolas CageWild at Heart
15.1%
Tom HanksThe 'Burbs
13.5%
Ben AffleckPaycheck
12%
Steve CarellThe Way Way Back
10.1%
Matt DamonThe Legend of Bagger Vance
6.7%
Ryan GoslingAll Good Things
5.6%

You're not logged in!

Compare scores with friends on all Sporcle quizzes.
OR
Log In

Show Comments

Extras

Top Quizzes Today


Score Distribution

Your Account Isn't Verified!

In order to create a playlist on Sporcle, you need to verify the email address you used during registration. Go to your Sporcle Settings to finish the process.

Report this User

Report this user for behavior that violates our Community Guidelines.

Details: